000 00452nam a2200181 a 4500
001 28274
005 20180713231127.0
008 140415s2001 000 0 spa d
020 _a9701028570
041 _aspa
082 _a658.848
_bGAR
100 1 _aGARCÍA SORDO, JUAN B.
245 1 0 _aMARKETING INTERNACIONAL
250 _a1a ed.
260 _a[s.l.] :
_bMC GRAW HILL,
_c2001
300 _a559
_c19 x 4 x 24
520 _aCG
999 _c28274
_d28274